Wird geladen...

Poetry of Robert Frost and William Carlos Williams

Bibliographische Detailangaben
1. Verfasser: Rath, Harihar
Format: Printed Book
Veröffentlicht: New Delhi Atlantic Publishers 2003
Schlagworte:
LEADER 00609cam a2200193ua 4500
020 |a 81-269-0186-1 
082 |a 821.409F  |b RAT/P 
100 0 |a Rath, Harihar 
245 0 0 |a Poetry of Robert Frost and William Carlos Williams  
260 |a New Delhi  |b Atlantic Publishers  |c 2003 
300 |a 390p. 
500 |a Includes index. 
650 |a English literature 
650 0 |a English poetry 
650 0 |a Robert Frost 
650 0 |a William Carlos Williams 
942 |c BK 
999 |c 15298  |d 15298 
952 |0 0  |1 0  |4 0  |6 821_000000000000000_409F_RATP  |7 0  |9 15954  |a KUCL  |b KUCL  |d 2014-05-23  |l 0  |o 821.409F RAT/P  |p 17632  |r 2014-05-23  |y BK